Online searcher information discovery, technology, strategies
| Previous Title: | Online Searcher |
|---|---|
| Format: | Journal |
| Language: | English |
| PhysicalDescription: | zv. 28 cm |
| Published: |
Medford
Information Today
2013-
|
| ISSN: | 2324-9684 0146-5422 1070-4795 |
| Subjects: | |
| Online Access: | http://www.infotoday.com/onlinesearcher |
MARC
| LEADER | 00000nas a2200000 a 4500 | ||
|---|---|---|---|
| 001 | vtls010616686 | ||
| 003 | SK-MaSNL | ||
| 005 | 20260228161221.0 | ||
| 008 | 140827c20139999xxubr|p 0 a0eng d | ||
| 022 | |a 2324-9684 | ||
| 040 | |a SNK |b slo |c SNK |e AACR2 | ||
| 041 | 0 | |a eng | |
| 044 | |a xxu |c US | ||
| 072 | 7 | |a 004.4/.6 |x Programovanie. Softvér |2 konspekt | |
| 080 | |a 050 |2 2001 | ||
| 080 | |a 004.657 |2 2001 | ||
| 080 | |a 004.6 |2 2001 | ||
| 245 | 0 | 0 | |a Online searcher |b information discovery, technology, strategies |
| 260 | |a Medford |b Information Today |c 2013- | ||
| 300 | |a zv. |c 28 cm | ||
| 310 | |a 6x ročne | ||
| 362 | 0 | |a Vol. 37 (2013)- | |
| 650 | 0 | 7 | |a vyhľadávanie informácií |2 SNKPH |9 1528 |
| 650 | 0 | 7 | |a dáta |2 SNKPH |9 4215 |
| 655 | 7 | |a odborné časopisy |2 SNKPH |9 70505 | |
| 780 | 0 | 4 | |t Online |x 0146-5422 |
| 780 | 0 | 4 | |t Searcher |x 1070-4795 |w vtls009187457 |
| 856 | 4 | 1 | |u http://www.infotoday.com/onlinesearcher |
| 910 | |a snk | ||
| 999 | |c 4699 |d 6629 | ||
| 952 | |0 0 |1 0 |4 0 |7 0 |8 4 |a SNK |b SNK |d 2015-08-12 |i snk2015/24325 |l 0 |o snkČB 5813/37/2013 |p 17A1096876 |r 2026-02-21 20:28:54 |t č. 1-6, neúpl. |w 2026-02-21 |y PREZ |z chýba č. 1-4 | ||
| 952 | |0 0 |1 0 |4 0 |7 0 |8 4 |a SNK |b SNK |d 2017-03-09 |i snk2017/6542 |l 0 |o snkČB 5813/38/2014 |p 17A1205219 |r 2026-02-21 22:24:36 |t č. 1-6 |w 2026-02-21 |y PREZ | ||


